000 00582nam a2200193Ia 4500
008 151119s9999||||xx |||||||||||||| ||und||
082 _a927.9143
082 _bGKKV26763
100 _aदेऊळगावकर विनायकराव
245 _aपाउलखुणा
260 _a--
260 _b--
260 _c2006
600 _aदेऊळगावकर विनायकराव
630 _aपाउलखुणा
700 _aदेऊळगावकर विनायकराव
730 _aपाउलखुणा
942 _cBOOK
999 _c1079230
_d1079227